The mine / (Record no. 95620)

MARC details
000 -LEADER
fixed length control field 00473nam a22001817a 4500
005 - DATE AND TIME OF LATEST TRANSACTION
control field 20151015124608.0
010 ## - LCCN (DPL NO)
LC control number ENG-113814
020 ## - INTERNATIONAL STANDARD BOOK NUMBER
International Standard Book Number 9789381626382
Terms of availability 195.00
035 ## - SYSTEM CONTROL NUMBER
System control number EN-97346
037 ## - SOURCE OF ACQUISITION
Source of stock number/acquisition DBAD/PUB
082 ## - DEWEY DECIMAL CLASSIFICATION NUMBER
Classification number N
100 ## - MAIN ENTRY--PERSONAL NAME
Personal name Ray, Arnab
245 ## - TITLE STATEMENT
Title The mine /
Statement of responsibility, etc by Arnab Ray
260 ## - PUBLICATION, DISTRIBUTION, ETC. (IMPRINT)
Place of publication, distribution, etc Chennai
Name of publisher, distributor, etc Westland
Date of publication, distribution, etc 2011
270 ## - ADDRESS
Address Venkat Towers, 165, P.H. Road, Maduravoyal
City Chennai
Postal code 600095
300 ## - PHYSICAL DESCRIPTION
Extent 282p.
Dimensions 19cm(pbk)
942 ## - ADDED ENTRY ELEMENTS (KOHA)
Source of classification or shelving scheme Dewey Decimal Classification
Item type English Books
Call number suffix RAY
Classification part N
Holdings
Withdrawn status Lost status Not for loan Collection code Home library Current library Date acquired Source of acquisition Cost, normal purchase price Full call number Barcode Copy number Cost, replacement price Koha item type
    Not For Loan Fiction D.B.Act.Division D.B.Act.Division 10/08/2015 DBAD/PUB 195.00 N RAY EN-97346 1 195.00 English Books

© Delhi Public Library
Hit Counter
free hit counter